000 00961nam a22002177a 4500
999 _c1948
_d1948
005 20251125232741.0
008 s2524 th tha d
040 _aNALT
041 _atha
050 _aDS575.5 จ6น4
100 0 _aนฤมิตร สอดศุข
245 1 0 _aสัมพันธภาพทางการฑูตระหว่างไทยกับสาธารณรัฐประชาชนจีน
260 3 _bไทยวัฒนาพานิช,
_c2524
300 _a198 หน้า
650 0 4 _aจีน -- ความสัมพันธ์กับต่างประเทศ -- ไทย
650 0 4 _aไทย -- ความสัมพันธ์กับต่างประเทศ -- จีน
850 _aNALT
856 4 0 _uhttps://hdl.handle.net/20.500.14156/372012
_71
942 _cGB
_02
_2lcc
998 _j111
_k นางสาวพจพิณ พรมเอี่ยม